|
|
|
|
| LEADER |
00000cam a2200000 7i4500 |
| 001 |
0000022075 |
| 005 |
20080725.0 |
| 008 |
080725 |
| 020 |
|
|
|a 9831939905
|
| 090 |
0 |
0 |
|a 372.69928
|b REL
|
| 245 |
1 |
0 |
|a Tatabahasa PMR tingkatan 1, 2 & 3
|c Azlinda Mohd Masri
|
| 260 |
|
|
|a Selangor :
|b PNI Neuron (M) Sdn. Bhd ,
|c 2007
|
| 440 |
|
|
|a Masteri memori melalui peta minda
|
| 650 |
|
0 |
|a Islamic education
|
| 650 |
|
0 |
|a Malay language
|x Grammar
|x Education
|x Curricula
|
| 650 |
|
0 |
|a Malay language
|x Grammar
|x Examinations
|x Study guides
|
| 650 |
|
0 |
|a Malay language
|x Grammar
|x Textbooks
|
| 740 |
0 |
|
|a Tatabahasa tingkatan PMR satu, dua dan tiga
|
| 999 |
|
|
|a 0001035422
|b Book
|c Teenagers
|e Perbadanan Perpustakaan Awam Johor
|
| 999 |
|
|
|a 0001035423
|b Book
|c Teenagers
|e Perbadanan Perpustakaan Awam Johor
|
| 999 |
|
|
|a 0001035426
|b Book
|c Teenagers
|e Perbadanan Perpustakaan Awam Johor
|